L'art de la liberte : doctrines et debats de la revolution francaise

Αποθηκεύτηκε σε:
Λεπτομέρειες βιβλιογραφικής εγγραφής
Κύριος συγγραφέας: Pommier, Edouard
Μορφή: Βιβλίο
Γλώσσα:French
Δημοσίευση: [Paris] : Gallimard, c1991
Σειρά:Bibliotheque des histoires
Librairie du bicentenaire de la Revolution francaise
Θέματα:
Ετικέτες: Προσθήκη ετικέτας
Δεν υπάρχουν, Καταχωρήστε ετικέτα πρώτοι!

MARC

LEADER 00000nam a2200000 i 4500
001 1/5498
008 960606s1991 fre d
020 |a 2-07-072327-5 
035 |l 10016025 
040 |a GR-MY-UA  |b gre  |e aacr 
041 0 |a fre 
082 0 |a 709.4409033 
100 1 |a Pommier, Edouard. 
245 1 0 |a L'art de la liberte :  |b doctrines et debats de la revolution francaise /  |c Edouard Pommier 
260 |a [Paris] :   |b Gallimard,   |c c1991 
300 |a 504 p., [32] p. of plates;  |b ill.;  |c 23 cm 
490 1 |a Bibliotheque des histoires 
490 1 |a Librairie du bicentenaire de la Revolution francaise 
504 |a Includes bibliographical references and index 
650 0 0 |a Cultural property  |x Protection  |z France  |x History  |y 18th century. 
650 0 0 |a Arts, Classical  |z France  |x Influence. 
651 0 |a France  |x History  |y Revolution, 1789-1799  |x Art and the revolution. 
651 0 |a France  |x History  |y Revolution, 1789-1799  |x Historiography. 
651 0 |a France  |x Cultural policy  |x History  |y 18th century. 
830 0 |a Bibliotheque des histoires 
830 0 |a Librairie du bicentenaire de la Revolution francaise 
852 |a INST  |b LESVOS  |e 19960606  |h 709.4409033 POM  |p 005100007200  |q 005100007200  |t BK  |y 0 
909 |a Λ  |b 035102